Faculty of Law Library — Cairo University

Official Online Catalog

محكمة جنايات مصر : (Record no. 76222)

MARC details
000 -LEADER
fixed length control field 01067nam a2200301 i 4500
003 - CONTROL NUMBER IDENTIFIER
control field EG-GICUC
005 - DATE AND TIME OF LATEST TRANSACTION
control field 20260507195356.0
008 - FIXED-LENGTH DATA ELEMENTS--GENERAL INFORMATION
fixed length control field 260507s1948 ua ||||fr|||| 00| 0 ara d
040 ## - CATALOGING SOURCE
Original cataloging agency EG-GICUC
Transcribing agency EG-GICUC
Modifying agency EG-GICUC
Description conventions rda
Language of cataloging ara
041 ## - LANGUAGE CODE
Language code of text/sound track or separate title ara
Language code of original ara
082 04 - DEWEY DECIMAL CLASSIFICATION NUMBER
Edition number 21
Classification number 343.3752062
Item number ح م . م
092 04 - LOCALLY ASSIGNED DEWEY CALL NUMBER (OCLC)
Edition number 21
099 ## - LOCAL FREE-TEXT CALL NUMBER (OCLC)
Classification number Law1 10 343.3752062 ح م . م 1948
100 0# - MAIN ENTRY--PERSONAL NAME
Personal name حمادة الناحل
Relator term مؤلف.
245 10 - TITLE STATEMENT
Title محكمة جنايات مصر :
Remainder of title دفاع /
Statement of responsibility, etc. حمادة الناحل.
264 #3 - PRODUCTION, PUBLICATION, DISTRIBUTION, MANUFACTURE, AND COPYRIGHT NOTICE
Place of production, publication, distribution, manufacture لا يوجد مكان للنشر :
Name of producer, publisher, distributor, manufacturer دار النيل للطباعة،
Date of production, publication, distribution, manufacture, or copyright notice 1948.
300 ## - PHYSICAL DESCRIPTION
Extent 91 صفحة ;
Dimensions 24 سم.
336 ## - CONTENT TYPE
Source rda content
Content type term text
337 ## - MEDIA TYPE
Source rda media
Media type term Computer
338 ## - CARRIER TYPE
Source rda carrier
Carrier type term Online Resource
546 ## - LANGUAGE NOTE
Language note النص باللغة العربية
650 1# - SUBJECT ADDED ENTRY--TOPICAL TERM
Source of heading or term القانون الجنائي
650 1# - SUBJECT ADDED ENTRY--TOPICAL TERM
Source of heading or term الإجراءات أمام محكمة الجنايات
Geographic subdivision مصر
650 1# - SUBJECT ADDED ENTRY--TOPICAL TERM
Source of heading or term دفاع
856 40 - ELECTRONIC LOCATION AND ACCESS
Uniform Resource Identifier <a href="https://fll.law.cu.edu.eg/fulltext/bks/B10-12258.pdf">https://fll.law.cu.edu.eg/fulltext/bks/B10-12258.pdf</a>
905 ## - Cataloger and Reviser Names
Cataloger Name: Gomana
942 ## - ADDED ENTRY ELEMENTS (KOHA)
Source of classification or shelving scheme Dewey Decimal Classification
Suppress in OPAC No
Koha item type Books
Edition 21
Holdings
Withdrawn status Lost status Source of classification or shelving scheme Damaged status Not for loan Collection Home library Current library Date acquired Total checkouts Full call number Barcode Date last seen Copy number Price effective from Koha item type
    Dewey Decimal Classification   Not for loan القانون الجنائي جــــامعة القــاهرة مكتبة كلية الحقوق - المبنى الرئيسي 07.05.2026   Law1 10 343.3752062 ح م . م 1948 1012258 C1 B10-12258 07.05.2026 1 07.05.2026 Books

© All rights reserved — Faculty of Law, Cairo University